000 03310nam a2200325Ia 4500
999 _c55633
_d55633
001 22728
003 GE_BSU
005 20230501174856.0
008 181216s ||||ge |||||||||||||| ||geo||
020 _a9789941279621
040 _cGE_BSU
041 _ageo
080 _a94(479.22)''1918.05''+329.141(479.22) პ-38
245 _aპირველი საყოველთაო დემოკრატიული არჩევნები დამოუკიდებელ საქართველოში = First Universal Democratic Elections in Independent Georgia /
_cავტორ-შემდგენლები : ირაკლი ირემაძე, სალომე ჭანტურიძე ; რედაქტორი ზურაბ გაიპარაშვილი ; მთარგმნელი ქრისტინა თოლორდავა ; ინგლ. თარგმანის რედაქტორები : აუგუსტა ფედერსტონი, დავით ღონღაძე ; დიზაინერი ლევან ნოზაძე.
250 _aმე-2 გამოცემა
264 _aთბილისი :
_b[გ.გ],
_c2018.
300 _a98 გვ. :
_b ფოტ. ;
_c27 სმ.
500 _a100 წელი საქართველოს პირველი დემოკრატიული რესპუბლიკის დაარსებიდან, პუბლიკაცია მომზადდა ამერიკელი ხალხის მხარდაჭერით ამერიკის საერთაშორისო განვითარების სააგენტოს (USAID) მეშვეობით
520 _a100 წელი საქართველოს პირველი დემოკრატიული რესპუბლიკის დაარსებიდან. პუბლიკაცია მომზადდა ამერიკელი ხალხის მხარდაჭერით ამერიკის საერთაშორისო განვითარების სააგენტოს (USAID) მეშვეობით.
541 _h7ლ.
653 _aპირველი საყოველთაო დემოკრატიული არჩევნები დამოუკიდებელ საქართველოში
653 _aFirst Universal Democratic Elections in Independent Georgia
653 _aსაქართველოს დემოკრატიული რესპუბლიკა
653 _aსაქართველოს სოციალ-დემოკრატიული პარტია
700 _aირემაძე, ირაკლი
_eავტორ-შემდგენელი
_917894
700 _aჭანტურიძე, სალომე
_eავტორ-შემდგენელი
_914483
700 _aგაიპარაშვილი, ზურაბ
_eრედაქტორი
_98311
700 _aთოლორდავა, ქრისტინა
_eმთარგმნელი
_917895
942 _cBK
_2udc